000 00426nam a22001577a 4500
005 20190604155130.0
008 190604b xxu||||| |||| 00| 0 eng d
020 _a978-81-85790-10-7
041 _aeng
100 _aD'SOUZA, DR. JOHN. I AND KILLEDAR, DR. SURESH G.
_95042
245 _aBIOTECHNOLOGY AND FERMENTATION PROCESS
250 _a7th, Ed. 2016
260 _aPUNE
_bNIRALI PRAKASHAN
300 _aI.6p,
942 _cBK
999 _c5943
_d5941